000 00488nam a2200181Ia 4500
003 OSt
005 20251112160729.0
008 250729s2005 xx 000 0 und d
040 _cAL
041 _akan
082 _a900 QUAA
100 _aಕ್ವಾಡ್ರಸ್ ಸ್ಟೀವನ್
_9224313
245 _aಆಧುನಿಕ ಯುರೋಪಿನ ಇತಿಹಾಸ
260 _aಕಟಪಾಡಿ
_c2005
300 _a346p
650 _aHistory
_9224314
942 _2ddc
_cBED
999 _c236347
_d236347